Statistics for What animal?

Click here to take the quiz!

General Stats

  • This quiz has been taken 108 times
  • The average score is 8 of 15

Answer Stats

Answer% Correct
Giraffe
90%
Wolf
89%
Lion
87%
Horse
81%
Hamster
75%
Owl
75%
Polar bear
75%
Rabbit
75%
Rhino
44%
Deer
41%
Swan
30%
Moose
23%
Desert fox
10%
Arctic fox
4%
Ermine
3%

Score Distribution

Percentile by Number Answered

Percent of People with Each Score

Your Score History

You have not taken this quiz